U.S. Civil War Battles by State - Click Quiz - Statistics

General Stats
  • This quiz has been taken 133 times
  • The average score is 11 of 22
Answer Stats
Hint Answer % Correct
Battle of Gettysburg
Battle of Hanover
Pennsylvania
94%
First and Second Battles of Fort Sumter
Battle of Secessionville
First and Second Battles of Fort Wagner
South Carolina
80%
Battle of Forts Jackson and St. Philip
Battle of Mansfield (Sabine Cross Roads)
Battle of Baton Rouge
Louisiana
77%
Battle of Mobile Bay
Battle of Fort Blakeley
Battle of Selma
Alabama
71%
First and Second Battles of Galveston
First and Second Battles of Sabine Pass
Battle of Palmito Ranch
Texas
67%
First and Second Battles of Bull Run (Manassas)
Battle of Chancellorsville
Battle of the Wilderness
Virginia
67%
Siege of Corinth
Siege of Vicksburg
Battle of Chickasaw Bayou
Mississippi
65%
Battle of Antietam (Sharpsburg)
Battle of South Mountain (Boonsboro)
Battle of Monocacy (Monocacy Junction)
Maryland
64%
Battle of Fort Donelson
Battle of Shiloh (Pittsburg Landing)
Battle of Lookout Mountain
Tennessee
56%
First and Second Battles of Fort Fisher
Battle of Roanoke Island
Battle of New Bern
North Carolina
55%
Battle of Chickamauga
Battle of Kennesaw Mountain
Battle of Peachtree Creek
Georgia
50%
Battle of Perryville (Chaplin Hills)
Battle of Munfordville
Battle of Paducah
Kentucky
47%
Battle of Olustee (Baker Pond)
Battle of Santa Rosa Island
Battle of St. John's Bluff
Florida
42%
Battle of Wilson's Creek (Oak Hills)
Battle of Island Number Ten (New Madrid)
Battle of Westport
Missouri
36%
Battle of Glorietta Pass
Battle of Valverde
New Mexico
35%
Lawrence Massacre (Quantrill's Raid)
Battle of Baxter Springs
Battle of Marais des Cygnes (Trading Post)
Kansas
34%
Battle of Pea Ridge (Elkhorn Tavern)
Battle of Prairie Grove
Battle of Bayou Fourche
Arkansas
32%
Battle of Droop Mountain
Battle of Moorefield
Battle of Summit Point
West Virginia
24%
Battle of Fort Stevens District of Columbia
23%
Battle of Chustenahlah
Battle of Honey Springs
Battle of Cabin Creek
Oklahoma
19%
Battle of Corydon Indiana
15%
Battle of Buffington Island
Battle of Salineville
Ohio
15%
No matching quizzes found
Score Distribution
Percent of People with Each Score
Percentile by Number Answered
Your Score History
You have not taken this quiz